Statistics for Rappers Hometown

Click here to take the quiz!

General Stats

  • This quiz has been taken 143 times
  • The average score is 7 of 19

Answer Stats

HintAnswer% Correct
Jay ZNew York
83%
DrakeToronto
80%
Notorious B.I.G.New York
76%
Kendrick LamarLos Angeles
67%
Nasir Jones (Nas)New York
65%
Andre 3000Atlanta
64%
Lil WayneNew Orleans
56%
Tupac ShakurNew York
56%
T.I.Atlanta
47%
The RZA, the GZA, Ol Dirty Bastard, Inspectah Deck Raekwon the Chef, U-God, Ghostface KillahNew York
45%
BirdmanNew Orleans
43%
Kanye WestAtlanta
24%
Pharrell WilliamsVirginia Beach
13%
D.J. PremierHouston
9%
Wiz KhalifaMinot
6%
EminemSaint Joseph
6%
Lil B (Based god)Berkley
4%
Nicki MinajSaint James
2%
Method ManHempstead
1%

Score Distribution

Percentile by Number Answered

Percent of People with Each Score

Your Score History

You have not taken this quiz